Modern aspects of inorganic chemistry (Record no. 19691)

MARC details
000 -LEADER
fixed length control field 00327nam a2200133Ia 4500
082 ## - DEWEY DECIMAL CLASSIFICATION NUMBER
Classification number 546
Item number EME
100 ## - MAIN ENTRY--AUTHOR NAME
Personal name Anderson, J S
245 #0 - TITLE STATEMENT
Title Modern aspects of inorganic chemistry
260 ## - PUBLICATION, DISTRIBUTION, ETC. (IMPRINT)
Place of publication London
Name of publisher ELBS
Year of publication 1962
650 ## - SUBJECT ADDED ENTRY--TOPICAL TERM
Topical Term Inorganic chemistry
700 ## - ADDED ENTRY--PERSONAL NAME
Personal name H J
942 ## - ADDED ENTRY ELEMENTS (KOHA)
Koha item type Books
Holdings
Withdrawn status Lost status Damaged status Not for loan Home library Current library Date acquired Cost, normal purchase price Full call number Accession Number Koha item type
        RRII Library RRII Library 16/12/2021 7.20 546 EME 00423 Books